000 00360nam a22001337a 4500
082 _a621.811
_bWIN
_cL-13, P-46
100 _aWinston, Stanton
_942012
245 _aMechanism
_cStanton Winston
260 _aUSA
_bAmerican Technical Society
_c1941
300 _avi, 372.p:
526 _a0
_b0
_c0
_d621_811000000000000_WIN
650 _aMCE
_9379
942 _2ddc
_cBK
999 _c546017
_d546017